Responses for Show #4235 - Friday, January 17, 2003

Contestants

[<< previous game]

Phil Chapman, a law student and former Navy SEAL from Williamsburg, Virginia

Maggie Linzer, a postal clerk from Milford, New Jersey

Sarah Mauldin, a librarian from Austin, Texas (whose 1-day cash winnings total $11,400)

[next game >>]

Jeopardy! Round responses

TEXAS TECH
NORTHWESTERN
RICE
(Alex: A theme is a-building!)
HOLY CROSS
OLE "MISS"
COLLEGE MOVIES
    $200 1
San Antonio

Sarah
    $200 7
Washington

Phil
    $200 3
rice wines

Sarah
    $200 5
rosary

Maggie
    $200 18
missionary

Sarah
    $200 23
Animal House

Maggie
    $400 2
oil

Phil
    $400 8
Jakarta

Phil
    $400 4
brown rice

Maggie
    $400 6
2

Phil
    $400 19
(Phil: I was going to say Mississippi.)

Missouri

SarahPhil
    $400 24
Rodney Dangerfield

Sarah
    $600 28
IBM

Maggie
    $1,000 9
Northwest Passage

Phil
    $600 12
risotto

Phil
    $600 15
Golgotha/Calvary

Phil
    $600 20
the Missing Link

Sarah
    $600 25
Scream 2

Maggie
    $800 29
(Maggie: What is ink?)

typesetting

Maggie
Triple Stumper
    $800 10
Bay of Biscay

Phil
    $800 13
paella

Sarah
    $800 16
Saint Andrew

Sarah
    $800 21
Miss Saigon

Sarah
    $800 26
Shaquille O'Neal

Maggie
    $1000 30
sulphur

Phil
    $1000 11
Canary Islands

Maggie
    $1000 14
Basmati rice

Sarah
    $1000 17
(Maggie: I have no idea!)
....
(Alex: Then you should have not rung in!)

a cross of gold

MaggiePhil
    $1000 22
Missoula

Phil
    $1000 27
Revenge of the Nerds

Phil

Scores at the first commercial break (after clue 15):

Sarah Maggie Phil
$2,200 $1,600 $4,400

Scores at the end of the Jeopardy! Round:

Sarah Maggie Phil
$5,400 $2,000 $8,000

Double Jeopardy! Round responses

17th CENTURY DUTCHMEN
SHADES OF BLUE
BEASTLY BOOK TITLES
THE ROCK & ROLL HALL OF FAME & MUSEUM
FUN WITH GEOMETRY
WORDS ABOUT WORDS
    $400 21
Australia

Phil
    $400 1
baby blue

Sarah
    $400 13
"The Day of the Jackal"

Phil
    $400 26
U2

Triple Stumper
    $400 3
180

Phil
    $400 8
buzzword

Sarah
    $800 22
horse

Triple Stumper
    $800 2
midnight blue

Phil
    $800 14
"Silence of the Lambs"

Phil
    $800 27
Jim Morrison

Phil
    $800 4
diagonal

Phil
    $800 9
champagne

Phil
    $1200 23
(Sarah: What are cells?)

bacteria

SarahPhil
    $1200 18
Navy

Sarah
    $1200 15
"I Know Why the Caged Bird Sings"

Sarah
    $1200 28
George Clinton

Phil
    $1200 5
isosceles

Phil
    $1200 10
euphemism

Triple Stumper
    $4,000 24
War and Peace

Phil
    $1600 19
cobalt

Phil
    $1600 16
Women Who Run with the Wolves

Triple Stumper
    $2,000 29
(Phil: Who is Wolfman Jack?)

Alan Freed

Phil
    $1600 6
rectangle

Sarah
    $1600 11
sniglets

Phil
    $2000 25
(Maggie: Who is Stuyvesant?)
....
(Alex: Minute to go now.)

Peter Minuit

Maggie
Triple Stumper
    $2000 20
peacock

Maggie
    $2000 17
"Island of the Blue Dolphins"

Sarah
    $2000 30
I.M. Pei

Sarah
    $2000 7
(Maggie: What is spheroid...no.)

oblate

Maggie
Triple Stumper
    $2000 12
row & row

Phil

Scores at the end of the Double Jeopardy! Round:

Sarah Maggie Phil
$13,000 $0 $24,000

[wagering suggestions for these scores]

Final Jeopardy! Round responses

BROADWAY MUSICALS
(Alex: Based on the E.L. Doctorow novel; Sarah, it pays to read a lot!)
SarahWhat is Ragtime?
$12,000
PhilWhat is ?
$2,001
Ragtime

Final scores:

Sarah Maggie Phil
$25,000 $0 $21,999
2-day champion: $36,400 3rd place: $1,000 2nd place: $2,000

Game dynamics:

Coryat scores:

Sarah Maggie Phil
$13,000 $0 $23,200
17 R,
1 W
8 R,
4 W
27 R
(including 2 DDs),
2 W
(including 1 DD)

Combined Coryat: $36,200

[game clues] [game scores] [suggest correction]

Game tape date: 2002-10-22
The J! Archive is created by fans, for fans. Scraping, republication, monetization, and malicious use prohibited; this site may use cookies and collect identifying information. See terms. The Jeopardy! game show and all elements thereof, including but not limited to copyright and trademark thereto, are the property of Jeopardy Productions, Inc. and are protected under law. This website is not affiliated with, sponsored by, or operated by Jeopardy Productions, Inc. Join the discussion at JBoard.tv.